000
00304nam a22001097a 4500
005
20251013094401.0
008
251013b |||||||| |||| 00| 0 eng d
040
_c
PK-LaNCA
082
_a
720.922
_b
MAR
245
_a
Marianne Burkhalter + Christian Sumi / photos by Heinrich Helfenstein ; texts
942
_c
BK
999
_c
66967
_d
66967